Select committee on transport: ninth report (Record no. 103427)

MARC details
000 -LEADER
fixed length control field 01323cam a2200193 4500
001 - CONTROL NUMBER
control field J125520
008 - FIXED-LENGTH DATA ELEMENTS--GENERAL INFORMATION
fixed length control field 040322n2003 000 0 eng u
035 ## - SYSTEM CONTROL NUMBER
System control number (Sirsi) u125520
041 ## - LANGUAGE CODE
Language code of text/sound track or separate title eng
050 ## - LIBRARY OF CONGRESS CALL NUMBER
Classification number 386.8
-- 18
110 ## - MAIN ENTRY--CORPORATE NAME
Corporate name or jurisdiction name as entry element United Kingdom
Subordinate unit Parliament
-- House of Commons
-- Select Committee on Transport
9 (RLIN) 4622
245 ## - TITLE STATEMENT
Title Select committee on transport: ninth report
260 ## - PUBLICATION, DISTRIBUTION, ETC.
Place of publication, distribution, etc. London
Name of publisher, distributor, etc. Department for Transport
Date of publication, distribution, etc. 2003
520 ## - SUMMARY, ETC.
Summary, etc. Transport Committee investigation, started by its predecessor committees, into major ports, their hinterlands, land transport links and sea approaches. In particular it looks at: what contribution major ports make to the economy of the United Kingdom; what problems and opportunities currently face major ports, particularly with respect to co-operation with each other, safety, the environment, and regulation; whether the proposals contained in the government's document "Modern Ports: A UK Policy" are adequate to address the difficulties and opportunities faced by such ports; and what other policies should be pursued to benefit such ports.
650 ## - SUBJECT ADDED ENTRY--TOPICAL TERM
Topical term or geographic name entry element PORTS
690 ## - LOCAL SUBJECT ADDED ENTRY--TOPICAL TERM (OCLC, RLIN)
Topical term or geographic name as entry element TRANSPORT AND COMMUNICATION
856 ## - ELECTRONIC LOCATION AND ACCESS
Uniform Resource Identifier <a href="https://www.parliament.the-stationery-office.co.uk/pa/cm200203/cmselect/cmtran/783/78302.htm">https://www.parliament.the-stationery-office.co.uk/pa/cm200203/cmselect/cmtran/783/78302.htm</a>
Public note View the report on the Parliament website...
942 ## - ADDED ENTRY ELEMENTS (KOHA)
Suppress in OPAC 0
Holdings
Withdrawn status Lost status Source of classification or shelving scheme Damaged status Not for loan Home library Current library Shelving location Date acquired Total Checkouts Full call number Barcode Date last seen Copy number Price effective from Koha item type
    Dewey Decimal Classification     Virtual Virtual Online 28/04/2004   ONLINE PUBLICATION 125520-4001 06/08/2019 1 06/08/2019 Book